00536nam a2200145 u 450000100100000000500170001000800410002704000250006808200140009324500280010726000410013530000200017695201770019699900170037300002039220200929170410.0100813s1994 000 0 spa d aDO-SdBNPbspacBNPHU axxxbxxxx10aAuge, crisis y ajustes. aWashington, :bBanco Mundial,c1994. a29 p. ;c24 cm. 001050718MOaGRbGRcHDd2017-05-22iLF1l0oxxx xxxxp20392-10r2020-06-25w2020-06-25y1zPerteneció a la biblioteca personal de Germán Emilio Ornes.ZNo se presta c19896d19896